000 00874nam a22002537a 4500
005 20170123162312.0
010 _aB-070430
020 _c80.00
035 _aB-070430
037 _bCen Lib/Ret
040 _aDPL
_bUR
082 _a843.08
_bص گ ر
100 _aصغرا مہدی
_9112450
245 _aاردو ناولوں میں عورت کی سماجی حیثیت /
_cصغرا مہدی
246 _aUrdu navalon men aurat samaji haisiyat /
_bby Saghra Mahri
260 _aنیی دہلی
_bسججد پبلکشانس
_c2002
270 _a106 ہوز رانی ملوایا ناگر
_bنیی دہلی
_e110017
300 _a158p.
_c20cm(Hb)
650 _aاردو ادب
_9112451
650 _aاردو ڈرامہ
_9462
650 _aUrdu literature
_9112452
650 _aUrdu drama
_914322
942 _2ddc
_cUR
_h843.08
_mص گ ر
999 _c106489
_d106489